000 01678nam2a2200325 4500
001 RU\NLR\bibl\1295463
005 20250615145510.0
010 _a978-5-903270-04-0
_9300
021 _aRU
_b2008-78441
_94557
021 _aRU
_b2009-37528
_92277
035 _a(NLR Aleph) 001281094
090 _a499506
_c499506
100 _a20081118d2008 |||y0rusy50 ca
101 0 _arus
102 _aRU
105 _aa |||||||||
200 1 _aПравовые и экономические вопросы развития региона
210 _d2008
_aБ. м.
215 _a324, [4] с.
_cил.
320 _aБиблиогр. в конце тр.
461 0 _1001RU\NLR\bibl\1355343
_12001#$aЭкономические, юридические и социокультурные аспекты развития региона$vЧ. 1
_9857067
_cЧелябинск
_d2008
_fНОУ Челяб. ин-т экономики и права им. М.В. Ладошина
_nНОУ Челябинский институт экономики и права
_oсборник научных трудов : [в 2-х ч.]
_tЭкономические, юридические и социокультурные аспекты развития региона
_vЧ. 1
606 1 _aПраво
_jСборники
_yРоссийская Федерация
_92070216
_3RU\NLR\auth\661244932
607 _aЧелябинская область
_jСборники
_xНародное хозяйство
_91596504
_3RU\NLR\auth\66702250
686 _aХ62я43
686 _aУ03(2Р-4Че)74я43
801 0 _aRU
_bNLR
_c20081118
_gRCR
801 1 _aRU
_bNLR
_c20081118
942 _cBOOK
980 _aNB